| LEADER | 00683cam a2200217u 4500 | ||
|---|---|---|---|
| 001 | 007721096-4 | ||
| 005 | 20024617115958.0 | ||
| 008 | 900320s1943 ja af 000 0 jpn d | ||
| 035 | 0 | |a ocm21243257 | |
| 040 | |a CLU |c CLU |d *YNH* |d CStRLIN | ||
| 100 | 1 | |6 880-01 |a Gotō, Shuichi, |d 1889?-1960. | |
| 245 | 1 | 0 | |6 880-02 |a Fukusōshi gaisetsu. |
| 260 | |6 880-03 |a Tōkyō, |b Shikai Shobō, |c Shōwa 18 [1943] | ||
| 300 | |a 370 p. |b illus., plates. | ||
| 650 | 0 | |a Costume |z Japan |x History. | |
| 650 | 0 | |a Costume |x History. | |
| 880 | 1 | |6 100-01 |a 後藤守一, |d 1889?-1960. | |
| 880 | 1 | 0 | |6 245-02 |a 服裝史槪說. |
| 880 | |6 260-03 |a 東京, |b 四海書房, |c 昭和18 [1943] | ||
| 988 | |a 20021214 | ||
| 906 | |0 OCLC | ||


